L'Afrique à l'épreuve du SIDA /

Le sexe, dans sa dimension la plus élémentaire, devient une chose sérieuse, grave surtout en Afrique. Principal vecteur du fléau actuel, le sida, qui touche toutes les couches sociales, il met encore plus en évidence certaines contradictions et faiblesses des systèmes politiques, sociaux, économique...

Full description

Saved in:
Bibliographic Details
Main Author: Tchak, Sami.
Format: Book
Language:French
Published: Paris : Harmattan, 2000.
Subjects:
Tags: Add Tag
No Tags, Be the first to tag this record!
LEADER 01219nam a22002654a 4500
001 008431237-8
005 20141001072623.0
008 000313s2000 fr 000 0 fre
010 |a  00358736  
020 |a 2738488005 
035 0 |a ocm47741666 
040 |a DLC  |c DLC  |d DLC 
042 |a pcc 
043 |a f------ 
050 0 0 |a RA643.86.A (Africa) .x + 
082 0 0 |a 362.1/969792/0096  |2 21 
100 1 |a Tchak, Sami. 
245 1 2 |a L'Afrique à l'épreuve du SIDA /  |c Sami Tchak. 
260 |a Paris :  |b Harmattan,  |c 2000. 
300 |a 141 p. ;  |c 22 cm. 
520 |a Le sexe, dans sa dimension la plus élémentaire, devient une chose sérieuse, grave surtout en Afrique. Principal vecteur du fléau actuel, le sida, qui touche toutes les couches sociales, il met encore plus en évidence certaines contradictions et faiblesses des systèmes politiques, sociaux, économiques dans le continent. Autour des notions de sexe, risque sexuel et cursus sexuel, Sami Tchak analyse, dans une langue limpide, cette réalité en la mettant en rapport avec la misère, les croyances ancestrales, les guerres. 
650 0 |a AIDS (Disease)  |x Social aspects  |z Africa. 
730 0 |a Harmatheque.  |5 net 
988 |a 20020608 
906 |0 DLC